000 00334nam a22001457a 4500
008 230622b ||||| |||| 00| 0 eng d
020 _a9780134580999
041 _aeng
080 _2ELEVENTH EDITION
_a611
082 _a611HOE
100 _a11
101 _aANAT
245 _aHUMAN ANATOMY PHYSIOLOGY
_cHOEHN .K
942 _2udc
_cBK
999 _c60025
_d60025